Zbierka úloh z matematiky na prijímacie pohovory na vysoké školy
Salvato in:
| Natura: | Libro |
|---|---|
| Lingua: | slovacco |
| Pubblicazione: |
Zvolen
Mat-Centrum
1994
|
| Tags: |
Nessun Tag, puoi essere il primo ad aggiungerne!!
|
MARC
| LEADER | 00000nam a2200000 4500 | ||
|---|---|---|---|
| 001 | c009396 | ||
| 005 | 20260327081636.8 | ||
| 020 | |a 80-967129-3-4 | ||
| 041 | 0 | |a slo | |
| 044 | |a SK | ||
| 245 | 1 | 0 | |a Zbierka úloh z matematiky na prijímacie pohovory na vysoké školy |c Milan Matejdes |
| 264 | 1 | |a Zvolen |b Mat-Centrum |c 1994 | |
| 300 | |a 51 s. | ||